00757nam a2200205 i 450000100060000000300090000600500170001500700030003200800410003510000280007624501100010426000350021430000350024965000380028470000290032270000290035185200320038099900170041295201220042964953ES-MaACL20230906165251.0t|040107s1972 sp ||||1| spa d1 aFowler, Noble O.95201210aDiagnóstico cardíaco / cNoble O. Fowler ; prólogo de J. Willes Hurst ; versión, Ramón Laforga. aBarcelona : bSalvat, c[1972] aXVI, 750 p. : bil. ; c27 cm. 4aCorazón-xEnfermedades.91447281 aHurst, J. Willes.9647751 aLaforga, Ramón.969517 aES-MaACLjC-47738 bR.84135 c64953d64953 00104070aATENEOMbATENEOMcDEPO2d2008-01-17eSCl0oC-47738p1068056r2023-02-23 00:00:00w2023-02-23yMONOGRAFIA